000 00720nab a2200229 4500
003 BR-BrBNA
005 20250311212838.0
008 250311b bl.||||| |||| 00| 0 por d
040 _aBR-BrBNA
_bpor
072 _aQ02 ; L01 ; L21
_b9921
100 _aAraújo, Carla
245 _aA vez dos vinhos de mesa
_bAgronegócios
500 _a3 illus.
650 _aVINHO
650 _aUVA
650 _aVARIEDADE
650 _aPROCESSAMENTO
650 _aAGROINDÚSTRIA
773 0 _01706
_9347827
_dSão Paulo-SP Editora Três Ltda - E-mail: luizfsa@revistadinheiro.com.br 2004
_o2025-0328
_tDinheiro Rural (Brazil)
_x1807-3700
_gv. 2(13) p. 74; (Nov 2005)
_wBR2025000087
942 _cANA
999 _c330350
_d330350